Statistics for Historical Figures by Letter - H

Click here to take the quiz!

General Stats

  • This quiz has been taken 229 times
  • The average score is 14 of 20

Answer Stats

HintFigure% Correct
Nazi leader of Germany in WWIIAdolf Hitler
100%
Japanese emperor during WWIIHirohito
93%
Author of "The Iliad" and
"The Odyssey"
Homer
92%
He crossed the Alps with ElephantsHannibal
90%
Hungarian escape artistHarry Houdini
89%
British king who married six timesHenry VIII
89%
Iraqi dictatorSaddam Hussein
88%
Roman emperor who built a
wall in England
Hadrian
84%
First President of Vietnam *Ho Chi Minh
80%
Author of a doctor's oathHippocrates
75%
Author of "Les Misérables"Victor Hugo
71%
Leader of the SS and the main
architect of the Holocaust
Heinrich
Himmler
68%
Author of "A Farewell to Arms" who
was called "Papa"
Ernest
Hemingway
62%
Babylonian king whose code
decreed "an eye for an eye"
Hammurabi
61%
First U.S. president to die in office;
also the shortest-serving
William Henry
Harrison
57%
Greek "Father of History"Herodotus
55%
Teamsters leader who
disappeared in 1975
Jimmy Hoffa
49%
First President of TexasSam Houston
39%
Well-known philosopher of the
Scottish Enlightenment
David Hume
24%
Norwegian Figure-skater who won
Olympic gold at age 15
Sonja Henie
18%

Score Distribution

Percentile by Number Answered

Percent of People with Each Score

Your Score History

You have not taken this quiz